Propuesta de acondicionamiento bioclimático y sustentable de modelos de vivienda de la Urbanización Salto Transatlántico en la ciudad de Masaya.
El presente trabajo monográfico elabora una propuesta de acondicionamiento bioclimático y sustentable de modelos de vivencia c-12 y H-4 de la urbanización salto transatlántico en la ciudad de Masaya, Nicaragua; por medio de análisis térmico, acústico y lumínico.
| Main Authors: | , |
|---|---|
| Other Authors: | |
| Format: | Tesis Section = Libro |
| Language: | Undetermined Spanish |
| Published: |
Managua
UNI
2022
|
| Subjects: |
| LEADER | 01246nam a2200277Ia 4500 | ||
|---|---|---|---|
| 008 | 240830s9999 xx 000 0 und d | ||
| 040 | |a BIBLIOTECA-RUSB/ Mon 711.42 M473 | ||
| 041 | |a spa | ||
| 082 | |a Mon 711.42 M473 | ||
| 100 | 1 | |a Morales Moses, María Alejandra | |
| 100 | 1 | |b Ruth Agar, Vallecillo Tapia | |
| 245 | 1 | 0 | |a Propuesta de acondicionamiento bioclimático y sustentable de modelos de vivienda de la Urbanización Salto Transatlántico en la ciudad de Masaya. |
| 260 | |a Managua |b UNI |c 2022 | ||
| 300 | |a 179 p. :il. | ||
| 500 | |a Contiene: anexos y CD. | ||
| 502 | |a Tesis (Arquitecto) - UNI, 2022. | ||
| 520 | 3 | |a El presente trabajo monográfico elabora una propuesta de acondicionamiento bioclimático y sustentable de modelos de vivencia c-12 y H-4 de la urbanización salto transatlántico en la ciudad de Masaya, Nicaragua; por medio de análisis térmico, acústico y lumínico. | |
| 650 | 7 | |a DISEÑO ARQUITECTONICO | |
| 650 | 7 | |b ARQUITECTURA - MEDIO AMBIENTE | |
| 650 | 7 | |c ARQUITECTURA - DISEÑOS Y PLANOS | |
| 650 | 7 | |d ARQUITECTURA Y CLIMA | |
| 650 | 7 | |e EMPLAZAMIENTO DE CONSTRUCCIONES - EDIFICIOS | |
| 700 | 1 | |a Tutor: |b Mayorga Navarro, Eduardo José | |
| 942 | |c BK |2 ddc | ||
| 991 | |a TESIS | ||
| 999 | |c 22301 | ||